Statistics for Biggest Cities in Scotland

Click here to take the quiz!

General Stats

  • This quiz has been taken 3,053 times
  • The average score is 9 of 20

Answer Stats

PopulationCity% Correct
581,320Glasgow
100%
454,280Edinburgh
98%
183,030Aberdeen
94%
44,220Inverness
86%
142,070Dundee
83%
44,820Perth
68%
46,070Ayr
44%
34,570Falkirk
39%
74,100Paisley
38%
44,390Kilmarnock
33%
46,430Dunfermline
32%
54,740Livingston
31%
48,900Hamilton
29%
73,200East Kilbride
25%
43,130Greenock
23%
48,630Kirkcaldy
22%
50,480Cumbernauld
21%
35,500Airdrie
17%
42,000Coatbridge
15%
38,750Glenrothes
14%

Score Distribution

Percentile by Number Answered

Percent of People with Each Score

Your Score History

You have not taken this quiz